Like U : Boy+Boy n° 1 /

Guardat en:
Dades bibliogràfiques
Altres autors: Carboni, Laura
Format: Publicació Periòdica
Idioma:anglès
Publicat: Milano Echo Communication 2001
Col·lecció:Boy+Boy 1
Etiquetes: Afegir etiqueta
Sense etiquetes, Sigues el primer a etiquetar aquest registre!

MARC

LEADER 00000nas a2200000 4500
001 CDOM0000005235
003 mi
005 20251017114308.0
008 251017b |||||||| |||| 00| 0 eng d
020 |a 8873680011 
040 |c mi 
245 1 |a Like U :  |b Boy+Boy  |n n° 1 /  |c by Zel [Laura Carboni] 
260 |a Milano  |b Echo Communication  |c 2001 
300 |a 104 p.  |c ill.  |c 21 cm. 
490 |a Boy+Boy  |v 1 
500 |a in copertina: "Like you" 
700 |a Carboni, Laura 
942 |2 ddc  |c CR 
952 |0 0  |1 0  |2 ddc  |4 0  |6 B_FIT02ZELCALIK11  |7 0  |9 9156  |a MI  |b MI  |d 2012-06-07  |i 6447  |l 0  |o B-FIT02-ZELCA-LIK11  |p CDOM6447  |r 2025-07-17 21:50:00  |w 2025-07-17  |x DONO  |y CR 
999 |c 7629  |d 7629